LEADER 01618nam a2200337 i 4500 001 000000351937 003 CaOOAMICUS 005 20221019103106.0 008 221019s2022 fr m u000 u fre u 013 $a233012 020 $a978-2-204-15196-2 040 $aSeMil$bita 100 1 $aDeurbergue, Maxime,$d<1980- >.$0(OLS)http://semarc/name/116668 245 10$aManifesté dans la chair, proclamé en images :$bfonder l'art dans le Christ avec Nicée 2. et Balthasar /$cMaxime Deurbergue. 264 1$aParis :$bLes Éditions du Cerf,$c2022. 300 $a511 p. :$bill. ;$c22 cm 490 1 $aCogitatio Fidei ;$v316 502 $aTesto rivisto della tesi, Teologia, Università Gregoriana, 2020 504 $aBibliographie, p. [453]-484 586 8 $aPremio Bellarmino 600 14$aBalthasar, Hans Urs : von <1905-1988>.$0(OLS)http://semarc/subject/7204 650 04$aConcilio di Nicea II <787>.$0(OLS)http://semarc/subject/2529 650 4$aImmagine di Dio - Teologia cattolica.$0(OLS)http://semarc/subject/9133 650 4$aArte cristiana.$0(OLS)http://semarc/subject/2483 830 0$aCogitatio Fidei ;$v316.$0(OLS)http://semarc/title/206 850 $aSeMil 852 $aSeMil$W1$xVenegono$y1$m2BA N 316$j234883$B243116$CSeMilBibl$Z2$F243116 $81 996 $6020$a978-2-204-15196-2$9(OLS)http://semarc/number/296970 996 $6245$aManifesté dans la chair, proclamé en images :$bfonder l'art dans le Christ avec Nicée 2. et Balthasar$9(OLS)http://semarc/title/441735 996 $6264$aParis :$bLes Éditions du Cerf$9(OLS)http://semarc/publisher/29611 LEADER 01264nam a2200277 i 4500 001 000000146565 003 CaOOAMICUS 005 20060110000000.0 008 060110s1986 it u000 u ger u 013 $a123376 020 $a88-7653-106-X 040 $aSeMil$bita 100 1 $aVogt, Ernst,$c.$0(OLS)http://semarc/name/32235 245 14$aDer Aufstand Hiskias und die Belagerung Jerusalems 701 v. Chr /$cErnst Vogt , S.J. 260 $aRome :$bBiblical Institute Press,$c1986. 300 $aVIII, 105 p. :$b[1] ritratto ;$c24 cm. 490 0 $aAnalecta Biblica : investigationes scientificae in res biblicas ;$v106 500 $aContiene : Bibliographie. 650 4$aGerusalemme - Storia.$0(OLS)http://semarc/subject/4653 650 4$aGerusalemme - Distruzione - 701 a.C.$0(OLS)http://semarc/subject/46313 830 0$aAnalecta biblica ;$v106.$0(OLS)http://semarc/title/6 850 $aSeMil 852 $aSeMil$W1$xVenegono$y1$m2HA G 106$j266868$B99210$CSeMilBibl$Z2$F107631 $81 996 $6020$a88-7653-106-X$9(OLS)http://semarc/number/135120 996 $6245$aDer Aufstand Hiskias und die Belagerung Jerusalems 701 v. Chr$9(OLS)http://semarc/title/214317 996 $6260$aRome :$bBiblical Institute Press$9(OLS)http://semarc/publisher/34219